000
00174 a2200073 4500
020
_a
9780684857213
082
_a
646.75 SCH
245
_a
THE NEW ENCYCLOPEDIA of MODERN BODYBUILDING
999
_c
794136
_d
794135
942
_w
223
_x
Zanele Mgwenya
_y
223
_z
Zanele Mgwenya